A user's guide to the brain : (Record no. 131416)
[ view plain ]
| 000 -LEADER | |
|---|---|
| fixed length control field | 01664cam a22003737a 4500 |
| 001 - CONTROL NUMBER | |
| control field | 12660274 |
| 003 - CONTROL NUMBER IDENTIFIER | |
| control field | ARRUPE |
| 005 - DATE AND TIME OF LATEST TRANSACTION | |
| control field | 20220513080847.0 |
| 008 - FIXED-LENGTH DATA ELEMENTS--GENERAL INFORMATION | |
| fixed length control field | 020129s2002 nyua b 001 0 eng d |
| 010 ## - LIBRARY OF CONGRESS CONTROL NUMBER | |
| LC control number | 2002265554 |
| 020 ## - INTERNATIONAL STANDARD BOOK NUMBER | |
| International Standard Book Number | 0375701079 |
| 035 ## - SYSTEM CONTROL NUMBER | |
| System control number | (OCoLC)ocm48788268 |
| 040 ## - CATALOGING SOURCE | |
| Original cataloging agency | BKL |
| Transcribing agency | BKL |
| Modifying agency | KUT |
| -- | DLC |
| 042 ## - AUTHENTICATION CODE | |
| Authentication code | lccopycat |
| 050 00 - LIBRARY OF CONGRESS CALL NUMBER | |
| Classification number | QP360 |
| Item number | .R37 2002 |
| 082 00 - DEWEY DECIMAL CLASSIFICATION NUMBER | |
| Classification number | 153 |
| Edition number | 21 |
| 300 ## - PHYSICAL DESCRIPTION | |
| Other physical details | ill. ; |
| Dimensions | 21 cm. |
| 100 1# - MAIN ENTRY--PERSONAL NAME | |
| Personal name | Ratey, John J., |
| Dates associated with a name | 1948- |
| 9 (RLIN) | 51554 |
| 245 12 - TITLE STATEMENT | |
| Title | A user's guide to the brain : |
| Remainder of title | perception, attention, and the four theaters of the brain / |
| Statement of responsibility, etc | John J. Ratey. |
| 250 ## - EDITION STATEMENT | |
| Edition statement | 1st Vintage Books ed. |
| 260 ## - PUBLICATION, DISTRIBUTION, ETC. (IMPRINT) | |
| Place of publication, distribution, etc | New York : |
| Name of publisher, distributor, etc | Abacus, |
| Date of publication, distribution, etc | 2003. |
| 300 ## - PHYSICAL DESCRIPTION | |
| Extent | 404 p. : |
| 500 ## - GENERAL NOTE | |
| General note | Originally published in the United States: New York : Pantheon Books, 2001. |
| 504 ## - BIBLIOGRAPHY, ETC. NOTE | |
| Bibliography, etc | Includes bibliographical references (p. [381]-384) and index. |
| 505 0# - FORMATTED CONTENTS NOTE | |
| Formatted contents note | Development -- Perception -- Attention and consciousness -- Movement -- Memory -- Emotion -- Language -- The social brain -- The four theaters -- Care and feeding. |
| 650 #0 - SUBJECT ADDED ENTRY--TOPICAL TERM | |
| Topical term or geographic name as entry element | Neuropsychology |
| Form subdivision | Popular works. |
| 9 (RLIN) | 51555 |
| 650 #0 - SUBJECT ADDED ENTRY--TOPICAL TERM | |
| Topical term or geographic name as entry element | Brain |
| Form subdivision | Popular works. |
| 9 (RLIN) | 51556 |
| 700 1# - ADDED ENTRY--PERSONAL NAME | |
| Personal name | Galaburda, Albert M., |
| Dates associated with a name | 1948- |
| 9 (RLIN) | 51557 |
| 856 42 - ELECTRONIC LOCATION AND ACCESS | |
| Materials specified | Contributor biographical information |
| Uniform Resource Identifier | <a href="http://www.loc.gov/catdir/bios/random054/2002265554.html">http://www.loc.gov/catdir/bios/random054/2002265554.html</a> |
| 856 41 - ELECTRONIC LOCATION AND ACCESS | |
| Materials specified | Sample text |
| Uniform Resource Identifier | <a href="http://www.loc.gov/catdir/samples/random041/2002265554.html">http://www.loc.gov/catdir/samples/random041/2002265554.html</a> |
| 856 42 - ELECTRONIC LOCATION AND ACCESS | |
| Materials specified | Publisher description |
| Uniform Resource Identifier | <a href="http://www.loc.gov/catdir/description/random042/2002265554.html">http://www.loc.gov/catdir/description/random042/2002265554.html</a> |
| 906 ## - LOCAL DATA ELEMENT F, LDF (RLIN) | |
| a | 7 |
| b | cbc |
| c | copycat |
| d | 2 |
| e | ncip |
| f | 20 |
| g | y-gencatlg |
| 942 ## - ADDED ENTRY ELEMENTS (KOHA) | |
| Source of classification or shelving scheme | Library of Congress Classification |
| Koha item type | Monograph ( Printed materials) |
| Withdrawn status | Lost status | Source of classification or shelving scheme | Damaged status | Not for loan | Collection code | Home library | Current library | Shelving location | Date acquired | Total Checkouts | Full call number | Barcode | Date last seen | Price effective from | Koha item type |
|---|---|---|---|---|---|---|---|---|---|---|---|---|---|---|---|
| Library of Congress Classification | Main Collection | ARRUPE LIBRARY | ARRUPE LIBRARY | Main Collection | 13/05/2022 | QP360 .R37 2002 | 46600008484 | 13/05/2022 | 13/05/2022 | Monograph ( Printed materials) |